000 00393nam a22001337a 4500
008 230619b xxu||||| |||| 00| 0 eng d
020 _a9290850523
082 _a305.42
_bUN
110 _bUNRISD
245 _aGender Equality
_bStriving for Justice in an Unequal World
260 _aSwitzerland
_bUnited Nations Research Institute for Social Development
300 _aXIX,303p
942 _2ddc
_cBK
999 _c1433
_d1433